00338nam a2200121Ia 4500008004000000082001700040100004400057245003300101250000500134260003900139300001100178650002700189210210b1978 xxu||||| |||| 00| 0 eng d a657.046 BASP aBASU (Sankar Prasad) and DAS (Monilal). aPractice in acountancy. PII. a aCalcutta.bRabindra Library,c1978 avi,719 aPractice Accountancy